Language Quiz

Random Language Quiz
Score 0/6 Timer 02:00
0 Plays Today
Clue Word % Correct
The Sound of Music, Maria ____ TrappVon
90.9%
American direct selling beauty products companyAvon
75.8%
Final Destination American actor, _____ SawaDevon
66.7%
Florida teenager killed by George Zimmerman, ______ MartinTrayvon
63.6%
American pharmacy chainSav-On
33.3%
Barbadian reggae singer featured in Shaggy's hit single, AngelRayvon
27.3%
Remove Ads.
Support Sporcle.
Get the best of Sporcle when you Go Orange. This ad-free experience offers more features, more stats, and more fun while also helping to support Sporcle. Thank you for becoming a member.

You're not logged in!

Compare scores with friends on all Sporcle quizzes.
OR
Log In

Sporcle TV

Today on Sporcle TV


Watch our educational content, quiz creation guides, and fun videos on Sporcle TV.

Show Comments

Extras

Created Nov 12, 2016ReportNominate
Tags:Ending, Von

Top Quizzes Today


Score Distribution

Paid Content

Your Account Isn't Verified!

In order to create a playlist on Sporcle, you need to verify the email address you used during registration. Go to your Sporcle Settings to finish the process.

Report this User

Report this user for behavior that violates our Community Guidelines.

Details: